[Event "Girona-chA"]
[Site "Girona"]
[Date "2004.??.??"]
[Round "2"]
[White "Alonso Rosell, Alvar"]
[Black "Trias Mansilla, Albert"]
[Result "1-0"]
[WhiteElo "2110"]
[BlackElo "1980"]
[PlyCount "67"]
[EventDate "2004.??.??"]
[EventType "swiss"]
[EventRounds "9"]
[EventCountry "ESP"]
[SourceTitle "EXT 2007"]
[Source "ChessBase"]
[SourceDate "2006.11.23"]
[SourceVersion "1"]
[SourceVersionDate "2006.11.23"]
[SourceQuality "1"]

1. d4 Nf6 2. c4 g6 3. Nc3 Bg7 4. e4 d6 5. f4 c5 6. d5 0-0 7. Nf3 e6 8. dxe6 fxe6 9. Bd3 Nc6 10. 0-0 Nd4 11. Ng5 e5 12. f5 h6 13. Nh3 gxf5 14. exf5 Bd7 15. Be3 Bc6 16. Nf2 Qe7 17. Bxd4 cxd4 18. Nce4 d5 19. cxd5 Bxd5 20. Nxf6+ Rxf6 21. Qg4 Rb6 22. b3 Qg5 23. Qxg5 hxg5 24. Be4 Rd8 25. Rac1 Rc6 26. Bxd5+ Rxd5 27. Rxc6 bxc6 28. Ne4 g4 29. Rc1 d3 30. Kf2 Rd4 31. Rc4 Rxc4 32. bxc4 Bh6 33. Nf6+ Kf7 34. Nxg4 1-0